00921nam a22002417a 4500003000400000005001700004008004100021040001800062050002000080100004700100245014300147264003500290300002500325336002200350337002400372338002400396502008600420650005500506650005400561700003500615942001200650999001700662OSt20260530115314.0260420b1969 mx |||| |||| 00| 0 spa d aICIbspacICI aHC123bC36 1969 aCardoso, Fernando Henrique, eautor933279 a Dependencia y desarrollo en América Latina :b ensayo de interpretación sociológica /cPor Fernando Henrique Cardoso y Enzo Faletto aMéxico : bSiglo XXI, c1969 a166 paginas c18 cm. 2rdacontentatexto 2rdamediaasin medio 2rdacarrieravolumen aReimpresiones: (16, 1979) -- (19, 1984) -- (25, 1992) -- (28, 1998) -- (29, 1999) aAmérica Latina xCondiciones económicas933280 a América Latinax Dependencia extranjera933281 a Faletto, Enzo, eautor933282 2lcccBK c13497d13497